000 01617cam a22004574i 4500
003 PE-LiUPU
005 20250731172748.0
008 150617s r 000 0 d
035 _a(Sirsi) a12302
040 _aPE-LiUPU
_bspa
_cPE-LiUPU
_erda
049 _aPRUA
082 0 4 _a243
_bB942p
_223
100 1 _aBunyan, Juan,
_eautor.
245 1 3 _aLa Peregrina :
_bViaje de Cristiana y sus hijos a la ciudad celestial bajo el símil de un sueño /
_cJuan Bunyan, con ilustraciones de Harold Copping.
250 _aSegunda parte de "El Peregrino"
264 1 _aBarcelona :
_bLibros CLIE,
_c1980.
300 _a194 páginas :
_bilustrado ;
_c18 centímetros.
336 _atext
_2rdacontent
337 _aunmediated
_2rdamedia
338 _avolume
_2rdacarrier
505 0 _aLa Peregrina; segunda parte de El Peregrino.
526 _aSEG42
526 _aSEG41
526 _aSEG40
526 _aSEG39
526 _aP94
526 _aP87
526 _aP86
526 _aP85
526 _aP77
526 _aP76
526 _aP35
650 0 0 _aVida cristiana
_xTraducciones al español
_vNovelas
_xObras anteriores a 1800.
_92170
910 _ajck
942 _2ddc
_cBK
_n0
949 _a243 B942p
_wDEWEY
_c1
_i24893
_lCCODEBUL1
_mBUL
_p00.00
_r0
_sY
_tBOOK
_u19860611
_xTEOLOGIA
_0COMPRA
_o.STAFF. Colección general
949 _a243 B92a
_wDEWEY
_c2
_i01732
_lCCODEBUL1
_mBUL
_p00.00
_r0
_sY
_tBOOK
_u19860611
_xTEOLOGIA
_0COMPRA
_o.STAFF. Colección general
980 _81
_gALBERTO SANCHEZ Responsable de Automatización
999 _c2546
_d2546